[Event "Landesklasse Ost 2014/2015"]
[Site "?"]
[Date "2014.12.21"]
[Round "5"]
[White "Seele, Hartmut"]
[Black "Gölles, Michael"]
[Result "1/2-1/2"]
[WhiteElo "1795"]
[BlackElo "1549"]
[PlyCount "24"]
[EventDate "2014.??.??"]
[WhiteTeam "SV Medizin Erfurt"]
[BlackTeam "Schachzirkel Elstertal Langenberg"]

1. e4 e6 2. d4 d5 3. Nd2 c5 4. c3 Qb6 5. Ngf3 Nc6 6. Bd3 cxd4 7. cxd4 Nxd4 8.
Nxd4 Qxd4 9. Bb5+ Bd7 10. Bxd7+ Kxd7 11. exd5 Qxd5 12. O-O Bd6 1/2-1/2

[Event "Landesklasse Ost 2014/2015"]
[Site "?"]
[Date "2014.12.21"]
[Round "5"]
[White "Mantu, Eugen"]
[Black "Schmidt, Frank"]
[Result "0-1"]
[WhiteElo "1595"]
[BlackElo "1384"]
[PlyCount "102"]
[EventDate "2014.??.??"]
[WhiteTeam "SV Medizin Erfurt"]
[BlackTeam "Schachzirkel Elstertal Langenberg"]

1. b4 e5 2. Bb2 d6 3. c4 Be6 4. e3 Nf6 5. Nf3 h6 6. Nc3 Be7 7. d3 c6 8. a4 a6
9. a5 Nbd7 10. h3 O-O 11. Nd2 d5 12. c5 Nh7 13. Nf3 f5 14. Na4 Qc7 15. Nb6 Rad8
16. Nxd7 Rxd7 17. Bxe5 Qc8 18. Nd4 Rdd8 19. Be2 Bf6 20. Bd6 Rfe8 21. O-O Bf7
22. Rb1 Ng5 23. Nf3 Qe6 24. d4 Ne4 25. Be5 Nc3 26. Qc2 Nxb1 27. Rxb1 Bg6 28.
Bd3 Rd7 29. Bxf6 Qxf6 30. Ne5 Rde7 31. Qe2 Bh7 32. Bxa6 bxa6 33. Qxa6 Re6 34.
Nd7 Qh4 35. Rf1 f4 36. exf4 Qxf4 37. Ne5 Qxd4 38. Nxc6 Qe4 39. f3 Qe3+ 40. Kh1
Bd3 41. Qb7 Bxf1 42. Ne5 Qf2 43. Qf7+ Kh8 44. Ng6+ Kh7 45. Nf4 Re1 46. Qf5+ Kg8
47. Qxd5+ R8e6 48. Kh2 Bxg2 49. Nxg2 R1e2 50. f4 Qxf4+ 51. Kg1 Qg3 0-1

[Event "Landesklasse Ost 2014/2015"]
[Site "?"]
[Date "2014.12.21"]
[Round "5"]
[White "Zahn, Alina"]
[Black "Seidens, Gunter"]
[Result "1/2-1/2"]
[WhiteElo "1998"]
[BlackElo "1902"]
[PlyCount "112"]
[EventDate "2014.??.??"]
[WhiteTeam "SV Empor Erfurt"]
[BlackTeam "VfL 1990 Gera"]

1. e4 d5 2. exd5 Qxd5 3. d4 e5 4. dxe5 Qxd1+ 5. Kxd1 Nc6 6. f4 Bg4+ 7. Be2
O-O-O+ 8. Bd2 Bxe2+ 9. Nxe2 f6 10. e6 Nh6 11. Re1 Bc5 12. c3 Rhe8 13. Ng3 Bf2
14. Re2 Bxg3 15. hxg3 Rd6 16. Ke1 f5 17. Na3 Ng4 18. Kf1 Rdxe6 19. Rae1 Kd7 20.
Nc4 Rxe2 21. Rxe2 Rxe2 22. Kxe2 Ke6 23. Ne3 Nxe3 24. Bxe3 a6 25. Kf3 h5 26. Ke2
Kd5 27. Kd3 Nd8 28. c4+ Kd6 29. Bd4 Ne6 30. Be5+ Kc6 31. b4 b5 32. Kc3 Kd7 33.
Kb3 c6 34. Kc3 Ke7 35. Kd3 Kf7 36. cxb5 cxb5 37. Ke3 Ke7 38. Kd3 Kd7 39. Ke3
Kc6 40. Kd2 Kd5 41. Kd3 g6 42. Bf6 Nf8 43. Bg7 Nd7 44. Bd4 Nb8 45. Bc3 Nc6 46.
a3 Nd8 47. Bf6 Nb7 48. Bd4 a5 49. Bb6 a4 50. Bd4 Nd8 51. Bf6 Nf7 52. Be7 Nh6
53. Bf6 Ng4 54. Bd4 Nh6 55. Bf6 Nf7 56. Be7 Nh6 1/2-1/2

[Event "Landesklasse Ost 2014/2015"]
[Site "?"]
[Date "2014.12.21"]
[Round "5"]
[White "Welde, Kevin"]
[Black "Taudte, Stefan"]
[Result "1-0"]
[WhiteElo "1918"]
[BlackElo "1977"]
[PlyCount "41"]
[EventDate "2014.??.??"]
[WhiteTeam "VfL 1990 Gera"]
[BlackTeam "SV Empor Erfurt"]

1. Nf3 d5 2. d4 g6 3. g3 Bg7 4. Bg2 c5 5. O-O Nc6 6. dxc5 e6 7. c4 dxc4 8. Qa4
Nf6 9. Nc3 Qa5 10. Qxc4 Nd7 11. Nb5 a6 12. Nd6+ Kf8 13. Nxf7 Kxf7 14. Ng5+ Kf8
15. Nxe6+ Ke7 16. Bxc6 bxc6 17. Nxg7 Qxc5 18. Qe6+ Kd8 19. Rd1 Kc7 20. Bf4+ Kb7
21. Rxd7+ 1-0

[Event "Landesklasse Ost 2014/2015"]
[Site "?"]
[Date "2014.12.21"]
[Round "5"]
[White "Michalowski, Peter"]
[Black "Schönfeld, Volker"]
[Result "0-1"]
[WhiteElo "2000"]
[BlackElo "1869"]
[PlyCount "46"]
[EventDate "2014.??.??"]
[WhiteTeam "SV Empor Erfurt"]
[BlackTeam "VfL 1990 Gera"]

1. e4 e5 2. Nf3 Nc6 3. d4 exd4 4. Nxd4 Qh4 5. Nc3 Bb4 6. Be2 Qxe4 7. Ndb5 Bxc3+
8. bxc3 Kd8 9. O-O Nf6 10. Re1 Re8 11. Be3 Qd5 12. Qc1 a6 13. Qa3 d6 14. Rad1
Qe5 15. Bf3 Qxb5 16. Rxd6+ cxd6 17. Qxd6+ Bd7 18. Rd1 Rxe3 19. fxe3 Qe5 20.
Qf8+ Ne8 21. Bg4 Qxe3+ 22. Kh1 Ne5 23. Qxf7 Qe1+ 0-1

[Event "Landesklasse Ost 2014/2015"]
[Site "?"]
[Date "2014.12.21"]
[Round "5"]
[White "Huster, Mike"]
[Black "Nicolai, Tim"]
[Result "1/2-1/2"]
[WhiteElo "1899"]
[BlackElo "1723"]
[PlyCount "38"]
[EventDate "2014.??.??"]
[WhiteTeam "VfL 1990 Gera"]
[BlackTeam "SV Empor Erfurt"]

1. d4 d5 2. Nf3 Nc6 3. c4 Bg4 4. cxd5 Bxf3 5. dxc6 Bxc6 6. Nc3 Nf6 7. Bg5 Nd5
8. Rc1 f6 9. Bh4 Qd7 10. e3 O-O-O 11. Be2 Nxc3 12. Rxc3 Bxg2 13. Rg1 Bc6 14. a3
e6 15. Bg3 g5 16. b4 Bd6 17. Qc1 Bxg3 18. hxg3 Kb8 19. Rc5 Bd5 1/2-1/2

[Event "Landesklasse Ost 2014/2015"]
[Site "?"]
[Date "2014.12.21"]
[Round "5"]
[White "Elkhanov, Leonid"]
[Black "Richter, Sven"]
[Result "0-1"]
[WhiteElo "1845"]
[BlackElo "1932"]
[PlyCount "84"]
[EventDate "2014.??.??"]
[WhiteTeam "SV Empor Erfurt"]
[BlackTeam "VfL 1990 Gera"]

1. e4 g6 2. d4 Bg7 3. Nf3 d6 4. Nc3 Nf6 5. Bc4 O-O 6. Bg5 c6 7. a3 Nxe4 8. Nxe4
d5 9. Ned2 dxc4 10. Qe2 Be6 11. Nxc4 h6 12. Be3 Nd7 13. O-O Qc7 14. Rfe1 Kh7
15. b3 b5 16. Ncd2 Nb6 17. Rac1 Nd5 18. c4 Nxe3 19. Qxe3 Qd6 20. cxb5 cxb5 21.
Ne4 Qxa3 22. Nc5 Bd5 23. Ne5 Qa5 24. h4 Qd8 25. Ncd7 Rg8 26. h5 Bxe5 27. Nxe5
Qd6 28. hxg6+ fxg6 29. Ng4 Rg7 30. Qxh6+ Kg8 31. Qg5 Rf8 32. Re5 Be6 33. Nh6+
Kh8 34. Rce1 Bxb3 35. d5 Qf6 36. Qe3 Bc4 37. Rxe7 Rxe7 38. Qxe7 Qxf2+ 39. Kh1
Bf1 40. Qe5+ Kh7 41. Qe4 Bxg2+ 42. Qxg2 Qxe1+ 0-1

[Event "Landesklasse Ost 2014/2015"]
[Site "?"]
[Date "2014.12.21"]
[Round "5"]
[White "Thiemann, Jürgen"]
[Black "Kretzschmar, Bernd"]
[Result "0-1"]
[WhiteElo "1677"]
[BlackElo "1821"]
[PlyCount "64"]
[EventDate "2014.??.??"]
[WhiteTeam "SV Empor Erfurt"]
[BlackTeam "VfL 1990 Gera"]

1. d4 g6 2. c4 Bg7 3. Nc3 d6 4. Nf3 c6 5. Bg5 h6 6. Bf4 Qb6 7. Qd2 g5 8. Be3
Bf5 9. Rd1 Na6 10. a3 Qb3 11. c5 b5 12. g3 b4 13. Nb1 Rb8 14. axb4 Nxb4 15. Na3
Nd5 16. cxd6 exd6 17. Rc1 Nge7 18. Nc4 Kd7 19. Bg2 Rb4 20. Qd1 Qxd1+ 21. Kxd1
Nxe3+ 22. Nxe3 Be4 23. Nc2 Rxb2 24. e3 Nd5 25. Nfe1 Bxg2 26. Nxg2 Nc3+ 27. Kd2
Ne4+ 28. Ke2 Rhb8 29. f3 Nc3+ 30. Kd2 R8b3 31. Nge1 Nb1+ 32. Kd1 a5 0-1

[Event "Landesklasse Ost 2014/2015"]
[Site "?"]
[Date "2014.12.21"]
[Round "5"]
[White "Walther, Thomas"]
[Black "Streichardt, Niklas"]
[Result "1-0"]
[WhiteElo "1830"]
[BlackElo "1609"]
[PlyCount "83"]
[EventDate "2014.??.??"]
[WhiteTeam "VfL 1990 Gera"]
[BlackTeam "SV Empor Erfurt"]

1. e4 e5 2. Nf3 Nc6 3. Bc4 Bc5 4. c3 Nf6 5. d3 d6 6. Bb3 Be6 7. Bc2 h6 8. O-O
Bb6 9. h3 Qd7 10. b4 Ne7 11. d4 Bc4 12. dxe5 Bxf1 13. exf6 Bxg2 14. Kxg2 gxf6
15. Bf4 O-O-O 16. c4 Qe6 17. Bd3 Rdg8+ 18. Bg3 h5 19. h4 Ng6 20. Kh2 Qg4 21.
Bf1 Qxe4 22. Nc3 Qe6 23. Bh3 f5 24. Nd5 Kb8 25. Ng5 Qc8 26. a4 f6 27. Nxf6 Qd8
28. Nxg8 f4 29. Nf7 Qxg8 30. Nxh8 fxg3+ 31. fxg3 Qxh8 32. c5 dxc5 33. a5 cxb4
34. axb6 axb6 35. Rb1 Qc3 36. Rb3 Qc5 37. Rd3 Qa5 38. Qb3 Ne7 39. Rd2 Qc5 40.
Rd8+ Ka7 41. Qa4+ Qa5 42. Qe8 1-0

[Event "Landesklasse Ost 2014/2015"]
[Site "?"]
[Date "2014.01.11"]
[Round "6"]
[White "Buring, Matthias"]
[Black "Anschütz, Mario"]
[Result "1/2-1/2"]
[WhiteElo "2052"]
[BlackElo "1860"]
[PlyCount "71"]
[EventDate "2015.??.??"]
[WhiteTeam "SG Arnstadt-Stadtilm"]
[BlackTeam "SSV Vimaria 91 Weimar"]

1. d4 e6 2. c4 d5 3. Nc3 f5 4. Nf3 Nf6 5. Bg5 c6 6. e3 Bd6 7. cxd5 exd5 8. Bd3
O-O 9. Qc2 Qd7 10. Bxf6 Rxf6 11. O-O-O b5 12. g4 b4 13. Na4 g6 14. gxf5 Ba6 15.
Nh4 Bxd3 16. Qxd3 gxf5 17. Rdg1+ Kh8 18. Rg5 Qf7 19. Nxf5 Nd7 20. Rhg1 Bxh2 21.
Rg7 Bxg1 22. Rxf7 Rxf7 23. f3 Raf8 24. e4 Bh2 25. Qd2 dxe4 26. fxe4 Bd6 27. Qh6
Bb8 28. Qe6 Nf6 29. Nd6 Bxd6 30. Qxd6 Nxe4 31. Qe5+ Nf6 32. Nc5 Re8 33. Qf5 Kg8
34. Ne6 Nd5 35. Qg5+ Kh8 36. Nc5 1/2-1/2

[Event "Landesklasse Ost 2014/2015"]
[Site "?"]
[Date "2014.01.11"]
[Round "6"]
[White "Latka, Robert"]
[Black "Sauer, Marko"]
[Result "0-1"]
[WhiteElo "1818"]
[BlackElo "2008"]
[PlyCount "70"]
[EventDate "2015.??.??"]
[WhiteTeam "SSV Vimaria 91 Weimar"]
[BlackTeam "SG Arnstadt-Stadtilm"]

1. e4 c5 2. Nf3 Nc6 3. d4 cxd4 4. Nxd4 g6 5. c4 Bg7 6. Be3 Nf6 7. Nc3 O-O 8.
Be2 a6 9. Nxc6 dxc6 10. e5 Qxd1+ 11. Rxd1 Ng4 12. Bxg4 Bxg4 13. f3 Be6 14. f4
f6 15. exf6 exf6 16. b3 Bg4 17. Ne2 Rfe8 18. Kf2 Rxe3 19. Kxe3 Re8+ 20. Kf2
Rxe2+ 21. Kg3 h5 22. Rd8+ Bf8 23. h3 Bf5 24. Kf3 Rxa2 25. g4 hxg4+ 26. hxg4 Be6
27. Re1 Bf7 28. Re7 Rd2 29. Red7 Rxd7 30. Rxd7 b5 31. cxb5 axb5 32. Rd3 Bd5+
33. Kg3 Bd6 34. Rd4 g5 35. b4 Kf7 0-1

[Event "Landesklasse Ost 2014/2015"]
[Site "?"]
[Date "2014.01.11"]
[Round "6"]
[White "Jank, Kevin"]
[Black "Scheitz, Michael"]
[Result "0-1"]
[WhiteElo "1740"]
[BlackElo "1915"]
[PlyCount "36"]
[EventDate "2015.??.??"]
[WhiteTeam "SG Arnstadt-Stadtilm"]
[BlackTeam "SSV Vimaria 91 Weimar"]

1. d4 d5 2. e3 Nf6 3. Bd3 c5 4. c3 Nc6 5. Nd2 e5 6. dxe5 Nxe5 7. Bc2 Bd6 8. h3
O-O 9. Ngf3 b6 10. b3 Ba6 11. Nxe5 Bxe5 12. Bb2 d4 13. cxd4 Bxd4 14. Rb1 Qe7
15. Qf3 Bxb2 16. Rxb2 Qe5 17. Rb1 Rad8 18. Rc1 Rxd2 0-1

[Event "Landesklasse Ost 2014/2015"]
[Site "?"]
[Date "2014.01.11"]
[Round "6"]
[White "Gräf, Michael"]
[Black "Zeising, Benjamin"]
[Result "1-0"]
[WhiteElo "1861"]
[BlackElo "1799"]
[PlyCount "93"]
[EventDate "2015.??.??"]
[WhiteTeam "SSV Vimaria 91 Weimar"]
[BlackTeam "SG Arnstadt-Stadtilm"]

1. d4 e6 2. Nf3 d5 3. e3 c5 4. c3 Nc6 5. Bd3 Qb6 6. Nbd2 Bd6 7. O-O Nf6 8. Qe2
O-O 9. dxc5 Bxc5 10. e4 dxe4 11. Nxe4 Nxe4 12. Qxe4 f5 13. Qe2 Bd7 14. Bf4 Rae8
15. b4 Be7 16. b5 Nd8 17. Ne5 Bc8 18. Nc4 Qxb5 19. Nd6 Qc5 20. Nxe8 Rxe8 21.
Be3 Qa5 22. Bb5 Rf8 23. Bd4 a6 24. Bc4 b5 25. Bb3 Kh8 26. Rad1 Qc7 27. Rfe1 Nc6
28. Bxe6 Nxd4 29. cxd4 Bxe6 30. Qxe6 Bb4 31. Re2 f4 32. f3 h6 33. h3 Rf6 34.
Qe8+ Kh7 35. Qe4+ Kh8 36. Rc2 Bc3 37. Kh2 b4 38. Re2 Qa5 39. Qd3 Qh5 40. Re5
Qf7 41. Rc5 Qd7 42. Re5 Rd6 43. Qe4 Kg8 44. Re7 Qc6 45. Re8+ Kf7 46. Qe7+ Kg6
47. Rg8 1-0

[Event "Landesklasse Ost 2014/2015"]
[Site "?"]
[Date "2014.01.11"]
[Round "6"]
[White "Schumacher, Andreas"]
[Black "Plontke, Ingo"]
[Result "1-0"]
[WhiteElo "1722"]
[BlackElo "1881"]
[PlyCount "149"]
[EventDate "2015.??.??"]
[WhiteTeam "SG Arnstadt-Stadtilm"]
[BlackTeam "SSV Vimaria 91 Weimar"]

1. d4 f5 2. c4 Nf6 3. Nc3 g6 4. Nf3 Bg7 5. h3 c6 6. Bf4 d6 7. e3 O-O 8. Qb3 h6
9. Bd3 Qe8 10. c5+ d5 11. Qc2 b6 12. b4 Ne4 13. Rc1 Nd7 14. O-O bxc5 15. bxc5
e5 16. Bh2 Nxc3 17. Qxc3 e4 18. Be2 exf3 19. Bxf3 Nf6 20. Qa5 Ne4 21. Rb1 f4
22. Bxe4 Qxe4 23. Bxf4 g5 24. Bg3 Kh7 25. Qc7 Qe6 26. Bd6 Rf7 27. Qxc6 g4 28.
hxg4 Qxg4 29. Qxd5 Be6 30. Qxa8 Bc4 31. Rfe1 Bd3 32. Rb2 Be4 33. f3 Rxf3 34.
Qxa7 Rf6 35. Be5 Rg6 36. Ree2 Bd3 37. Red2 Qh4 38. Rf2 Qg4 39. Rbd2 Bc4 40. Qb7
Qe6 41. Bf4 Bd5 42. Qb2 Bf6 43. Qc3 Bh4 44. a4 Qc6 45. Qa5 Bxf2+ 46. Rxf2 Bxg2
47. Qc7+ Rg7 48. Qxc6 Bxc6+ 49. Kf1 Bxa4 50. Rg2 Rb7 51. Kf2 h5 52. Rg5 Rb2+
53. Kg3 Rc2 54. Rxh5+ Kg6 55. Re5 Bd7 56. Rd5 Bf5 57. Rd6+ Kf7 58. Be5 Ke7 59.
Kf4 Be6 60. Ke4 Rc1 61. Bf4 Rh1 62. d5 Bh3 63. Ke5 Bg2 64. Rh6 Rd1 65. Rh7+ Ke8
66. Rh8+ Kd7 67. c6+ Kc7 68. Rh7+ Kc8 69. Rd7 Rc1 70. Ra7 Rc5 71. Rd7 Rc4 72.
Kd6 Bxd5 73. Kxd5 Rc5+ 74. Ke4 Rxc6 75. Rd4 1-0

[Event "Landesklasse Ost 2014/2015"]
[Site "?"]
[Date "2014.01.11"]
[Round "6"]
[White "Greger, Dominik"]
[Black "Marufke, Kai"]
[Result "1/2-1/2"]
[WhiteElo "1590"]
[BlackElo "1846"]
[PlyCount "90"]
[EventDate "2015.??.??"]
[WhiteTeam "SSV Vimaria 91 Weimar"]
[BlackTeam "SG Arnstadt-Stadtilm"]

1. e4 e5 2. Nf3 d6 3. d3 Nc6 4. c3 Be7 5. g3 f5 6. Nbd2 Nf6 7. Bg2 O-O 8. O-O
Qe8 9. Qe2 Qh5 10. d4 fxe4 11. Nxe4 Bg4 12. Nxf6+ Bxf6 13. Qc4+ Kh8 14. dxe5
Bxf3 15. exf6 Rxf6 16. Bxf3 Rxf3 17. Kg2 d5 18. Qb5 Raf8 19. Qxb7 R3f6 20. Qxc7
Ne5 21. f4 Qe2+ 22. Rf2 Qe4+ 23. Kf1 Nd3 24. Qxa7 Nxc1 25. Rxc1 Qh1+ 26. Ke2
Qxc1 27. Kf3 Qh1+ 28. Ke2 Re8+ 29. Kd2 Qe1+ 30. Kc2 Qxf2+ 31. Qxf2 Rfe6 32. Kd2
Ra6 33. a3 Rb8 34. Kc2 Rab6 35. b4 Ra6 36. Kb3 Rba8 37. Qa2 Re6 38. Qd2 Rea6
39. Qxd5 Rxa3+ 40. Kc4 Rc8+ 41. Kd3 Raxc3+ 42. Kd4 Rc2 43. Ke3 Rxh2 44. Qe5 Rh6
45. b5 Rb6 1/2-1/2

[Event "Landesklasse Ost 2014/2015"]
[Site "?"]
[Date "2014.01.11"]
[Round "6"]
[White "Riedel, Erich"]
[Black "Lieke, Arno"]
[Result "1-0"]
[WhiteElo "1686"]
[BlackElo "1688"]
[PlyCount "81"]
[EventDate "2015.??.??"]
[WhiteTeam "SG Arnstadt-Stadtilm"]
[BlackTeam "SSV Vimaria 91 Weimar"]

1. e4 c6 2. d4 d5 3. e5 Bf5 4. Nf3 e6 5. Be2 Nd7 6. c3 a6 7. Be3 Qb6 8. Qd2 Ne7
9. O-O Bg6 10. Nh4 Nf5 11. Nxf5 Bxf5 12. f4 Be7 13. Qc1 h5 14. Nd2 O-O-O 15.
Nf3 Rdf8 16. Qd2 f6 17. Rf2 Qd8 18. Raf1 c5 19. Kh1 Kb8 20. a3 cxd4 21. cxd4
Be4 22. b4 Rfg8 23. Rc1 g5 24. exf6 Bxf6 25. Nxg5 Bxg5 26. fxg5 h4 27. Bd3 Bg6
28. b5 Bxd3 29. Qxd3 a5 30. Rfc2 Qe7 31. Rc7 Qd6 32. Qd2 Rf8 33. Qxa5 Nb6 34.
R1c6 Rf1+ 35. Bg1 Qf4 36. Rxb7+ Kxb7 37. Qxb6+ Ka8 38. Qa6+ Kb8 39. Rb6+ Kc7
40. Rb7+ Kc8 41. Qa8+ 1-0

[Event "Landesklasse Ost 2014/2015"]
[Site "?"]
[Date "2014.01.11"]
[Round "6"]
[White "Schmidt, Stephan"]
[Black "Risch, Stefan"]
[Result "1-0"]
[WhiteElo "1667"]
[BlackElo "1302"]
[PlyCount "43"]
[EventDate "2015.??.??"]
[WhiteTeam "SSV Vimaria 91 Weimar"]
[BlackTeam "SG Arnstadt-Stadtilm"]

1. e4 e6 2. d4 d5 3. exd5 exd5 4. Nf3 Nf6 5. Be2 Be7 6. O-O O-O 7. h3 Nbd7 8.
Bf4 Ne4 9. Nbd2 Ndf6 10. Bd3 Re8 11. Re1 Bd6 12. Bxd6 Qxd6 13. c3 Bf5 14. Ne5
Nxf2 15. Kxf2 Bxd3 16. Nxd3 Ne4+ 17. Kg1 Re6 18. Nxe4 dxe4 19. Nc5 Rg6 20. Nxe4
Qd5 21. Qf3 f5 22. Nf6+ 1-0

[Event "Landesklasse Ost 2014/2015"]
[Site "?"]
[Date "2014.01.11"]
[Round "6"]
[White "Sunderbrink, Heino"]
[Black "Zahn, Alina"]
[Result "1-0"]
[WhiteElo "1969"]
[BlackElo "1995"]
[PlyCount "79"]
[EventDate "2015.??.??"]
[WhiteTeam "SV Medizin Erfurt"]
[BlackTeam "SV Empor Erfurt"]

1. Nf3 d5 2. c4 e6 3. b3 Nf6 4. g3 Be7 5. Bg2 O-O 6. O-O c5 7. e3 Nc6 8. Bb2 d4
9. exd4 cxd4 10. d3 Ne8 11. Re1 f6 12. Na3 e5 13. Nc2 Nc7 14. Ba3 Bxa3 15. Nxa3
a5 16. Nc2 Na6 17. a3 Nc5 18. b4 axb4 19. axb4 Rxa1 20. Qxa1 Nxd3 21. Rb1 Be6
22. b5 Na5 23. Qa3 Bf5 24. Nh4 Nxc4 25. Qb3 Qc8 26. Nxf5 Qxf5 27. Qxc4+ Kh8 28.
Rf1 Rc8 29. Qd5 Qg4 30. Ne1 Nc1 31. Qxb7 Ne2+ 32. Kh1 Nc3 33. Nf3 Qe6 34. Ra1
Qg8 35. b6 d3 36. Nd2 Ne2 37. Qxc8 Qxc8 38. Ra8 Qxa8 39. Bxa8 Nd4 40. Bd5 1-0

[Event "Landesklasse Ost 2014/2015"]
[Site "?"]
[Date "2014.01.11"]
[Round "6"]
[White "Taudte, Stefan"]
[Black "Zeuner, Ulrich"]
[Result "1-0"]
[WhiteElo "1977"]
[BlackElo "1964"]
[PlyCount "101"]
[EventDate "2015.??.??"]
[WhiteTeam "SV Empor Erfurt"]
[BlackTeam "SV Medizin Erfurt"]

1. d4 Nf6 2. c4 c5 3. d5 b5 4. cxb5 a6 5. bxa6 Bxa6 6. Nc3 g6 7. g3 Bg7 8. e4
d6 9. Bxa6 Nxa6 10. f4 O-O 11. Nf3 Qa5 12. O-O Rfb8 13. Qe2 Nc7 14. Rd1 Nd7 15.
e5 Nb6 16. f5 c4 17. f6 exf6 18. exd6 Qc5+ 19. Qf2 Qxd6 20. Bf4 Qd7 21. b3 cxb3
22. axb3 Rxa1 23. Rxa1 g5 24. Bxc7 Qxc7 25. Qd2 f5 26. Rc1 Qc5+ 27. Kg2 g4 28.
Nh4 Bxc3 29. Rxc3 Qxd5+ 30. Qxd5 Nxd5 31. Rd3 Nb4 32. Rd7 Rb5 33. Kf2 Nc2 34.
Rd2 Rc5 35. Ke2 Re5+ 36. Kd3 Ne1+ 37. Kc4 Kg7 38. b4 Kf6 39. b5 Ke6 40. b6 Kf6
41. b7 Re8 42. Kc5 Kg5 43. Kc6 Nf3 44. Nxf3+ gxf3 45. Rd4 Re6+ 46. Kd7 Re4 47.
Rxe4 fxe4 48. b8=Q Kg4 49. Qf4+ Kh3 50. Qxe4 Kg2 51. g4 1-0

[Event "Landesklasse Ost 2014/2015"]
[Site "?"]
[Date "2014.01.11"]
[Round "6"]
[White "Kube, Hannelore"]
[Black "Weishäutel, Moritz"]
[Result "1/2-1/2"]
[WhiteElo "1825"]
[BlackElo "1825"]
[PlyCount "52"]
[EventDate "2015.??.??"]
[WhiteTeam "SV Medizin Erfurt"]
[BlackTeam "SV Empor Erfurt"]

1. e4 e5 2. Nc3 Nf6 3. f4 d5 4. fxe5 Nxe4 5. d3 Qh4+ 6. g3 Nxg3 7. Nf3 Qh5 8.
Bg2 Nxh1 9. Nxd5 Na6 10. Be3 Bg4 11. Qe2 Bxf3 12. Bxf3 Qh4+ 13. Kd2 c6 14. Nf4
Bc5 15. Rxh1 Bxe3+ 16. Qxe3 Qd8 17. Nh5 Rg8 18. Rg1 Kf8 19. d4 Qa5+ 20. Kc1
Qxa2 21. Nf6 Rh8 22. Rxg7 Qa1+ 23. Kd2 Qa5+ 24. Kc1 Qa1+ 25. Kd2 Qa5+ 26. Kc1
Qa1+ 1/2-1/2

[Event "Landesklasse Ost 2014/2015"]
[Site "?"]
[Date "2014.01.11"]
[Round "6"]
[White "Pichl, Michael"]
[Black "Wohlleben, Manfred"]
[Result "1-0"]
[WhiteElo "1939"]
[BlackElo "1627"]
[PlyCount "75"]
[EventDate "2015.??.??"]
[WhiteTeam "SV Empor Erfurt"]
[BlackTeam "SV Medizin Erfurt"]

1. g3 g6 2. Bg2 Bg7 3. c4 e5 4. Nc3 Ne7 5. Nf3 O-O 6. d4 exd4 7. Nxd4 Nbc6 8.
Nc2 Ne5 9. Ne3 d6 10. O-O Rb8 11. Qc2 Bf5 12. Nxf5 Nxf5 13. b3 Nc6 14. Bb2 Nb4
15. Qd2 Bh6 16. e3 Nc6 17. Nd5 Ne5 18. Rad1 Bg7 19. f4 c6 20. e4 Ng4 21. exf5
Bxb2 22. Qxb2 cxd5 23. fxg6 hxg6 24. Bxd5 Ne3 25. Rde1 Nxf1 26. Rxf1 Qe7 27. f5
g5 28. f6 Qe3+ 29. Rf2 Rfe8 30. Qc2 Re6 31. Bxe6 Qxe6 32. Qd2 Qe5 33. g4 Re8
34. Rf5 Qe1+ 35. Qxe1 Rxe1+ 36. Kf2 Re5 37. Rxe5 dxe5 38. Ke3 1-0

[Event "Landesklasse Ost 2014/2015"]
[Site "?"]
[Date "2014.01.11"]
[Round "6"]
[White "Fischer, Dennis"]
[Black "Michalowski, Peter"]
[Result "1-0"]
[WhiteElo "1865"]
[BlackElo "2000"]
[PlyCount "81"]
[EventDate "2015.??.??"]
[WhiteTeam "SV Medizin Erfurt"]
[BlackTeam "SV Empor Erfurt"]

1. e4 c5 2. f4 d5 3. exd5 Qxd5 4. Nc3 Qd6 5. d3 Nf6 6. Nf3 Nc6 7. Nb5 Qd8 8. a4
a6 9. Na3 e6 10. Nc4 b6 11. Be2 Be7 12. O-O O-O 13. Kh1 Bb7 14. Nfe5 Nd4 15.
Be3 Nxe2 16. Qxe2 Qc7 17. Bd2 Nd5 18. Qh5 g6 19. Qh3 Bf6 20. Ng4 Bg7 21. Nh6+
Kh8 22. Ne5 Nf6 23. Bc3 Nh5 24. Rae1 f6 25. Nef7+ Rxf7 26. Nxf7+ Qxf7 27. Qxe6
Qc7 28. Qg4 f5 29. Bxg7+ Nxg7 30. Qg5 Re8 31. Rxe8+ Nxe8 32. Re1 Bc6 33. Re7
Qd6 34. Rf7 Qe6 35. Re7 Qd6 36. Ra7 a5 37. Qh6 Bxg2+ 38. Kxg2 Qd5+ 39. Kg3 Qg8
40. Qg5 Qe6 41. Qe7 1-0

[Event "Landesklasse Ost 2014/2015"]
[Site "?"]
[Date "2014.01.11"]
[Round "6"]
[White "Heinke, Jasper"]
[Black "Rost, Detlef"]
[Result "1/2-1/2"]
[WhiteElo "1780"]
[BlackElo "1845"]
[PlyCount "84"]
[EventDate "2015.??.??"]
[WhiteTeam "SV Empor Erfurt"]
[BlackTeam "SV Medizin Erfurt"]

1. d4 Nf6 2. c4 e6 3. Nc3 d5 4. Nf3 Nbd7 5. Bg5 c6 6. e3 Qa5 7. Bxf6 Nxf6 8.
Nd2 Bb4 9. Qc2 O-O 10. Bd3 c5 11. Nb3 Qc7 12. O-O dxc4 13. Bxc4 cxd4 14. Nb5
Qb6 15. N5xd4 Bd7 16. Rac1 Rac8 17. Qe2 Rfd8 18. e4 e5 19. Nf3 Bg4 20. Bxf7+
Kh8 21. h3 Bxf3 22. Qxf3 a5 23. Rxc8 Rxc8 24. Qf5 Rf8 25. Bc4 a4 26. Nc1 Qd4
27. Bd3 Bd2 28. Bb1 Qxb2 29. Nd3 Qd4 30. Nxe5 Bb4 31. Nf3 Qd8 32. e5 g6 33. Qf4
Nd5 34. Qd4 Qa5 35. Be4 Nf4 36. e6+ Kg8 37. Qc4 Be7 38. Rd1 b5 39. Qc6 b4 40.
Rd7 Re8 41. Ra7 Qxa7 42. Qxe8+ Bf8 1/2-1/2

[Event "Landesklasse Ost 2014/2015"]
[Site "?"]
[Date "2014.01.11"]
[Round "6"]
[White "Eger, Axel"]
[Black "Strauch, Martin"]
[Result "1/2-1/2"]
[WhiteElo "1838"]
[BlackElo "1786"]
[PlyCount "70"]
[EventDate "2015.??.??"]
[WhiteTeam "SV Medizin Erfurt"]
[BlackTeam "SV Empor Erfurt"]

1. e4 d6 2. d4 Nf6 3. Nc3 g6 4. Bg5 Bg7 5. e5 Nfd7 6. f4 f6 7. Bh4 fxe5 8. dxe5
Nb6 9. Nf3 O-O 10. Nd5 Nxd5 11. Qxd5+ Kh8 12. Ng5 Qe8 13. Bc4 e6 14. Nxe6 Bxe6
15. Qxe6 Qxe6 16. Bxe6 Rxf4 17. Bg3 Re4+ 18. Kf1 Nc6 19. Bd5 Rf8+ 20. Kg1 Nd4
21. h4 Ne2+ 22. Kh2 Nxg3 23. Kxg3 Bxe5+ 24. Kh3 Rb4 25. Raf1 Bf6 26. g4 Rxb2
27. Bb3 Bg7 28. Rxf8+ Bxf8 29. Rf1 Bg7 30. Re1 Be5 31. Rf1 c5 32. Rf8+ Kg7 33.
Rf7+ Kh8 34. Rf8+ Kg7 35. Rf7+ Kh8 1/2-1/2

[Event "Landesklasse Ost 2014/2015"]
[Site "?"]
[Date "2014.01.11"]
[Round "6"]
[White "Thiemann, Jürgen"]
[Black "Stumm, Rainer"]
[Result "1-0"]
[WhiteElo "1677"]
[BlackElo "1584"]
[PlyCount "97"]
[EventDate "2015.??.??"]
[WhiteTeam "SV Empor Erfurt"]
[BlackTeam "SV Medizin Erfurt"]

1. d4 e6 2. c4 f5 3. Nc3 Nf6 4. g3 c6 5. Bg2 d5 6. cxd5 exd5 7. Nf3 Bd6 8. O-O
O-O 9. Bg5 Qe8 10. Rc1 Nbd7 11. Qb3 Kh8 12. Bf4 Ne4 13. Bxd6 Nxd6 14. e3 Nc4
15. Qc2 Nf6 16. b3 Nd6 17. h3 Qh5 18. Ne5 Nf7 19. Nxf7+ Qxf7 20. Qe2 Bd7 21.
Rc2 Rae8 22. Rfc1 Nh5 23. Qf3 Re6 24. Na4 Rf6 25. Nc5 Bc8 26. Nd3 Qe8 27. Nf4
Nxf4 28. Qxf4 Qe7 29. Qb8 f4 30. exf4 Bf5 31. Qxa7 Bxc2 32. Rxc2 Qe1+ 33. Bf1
Qb4 34. Qc5 Qxc5 35. dxc5 Kg8 36. h4 Re6 37. Be2 Rfe8 38. Bf3 Re1+ 39. Kg2 Kf8
40. h5 Ra8 41. Bg4 Ra1 42. a4 Rb1 43. Rc3 Rd8 44. Bf5 Rd1 45. Bxh7 d4 46. Rd3
Rd5 47. Rxd1 Rxh5 48. Be4 Rxc5 49. Rxd4 1-0

[Event "Landesklasse Ost 2014/2015"]
[Site "?"]
[Date "2014.01.11"]
[Round "6"]
[White "Seidens, Gunter"]
[Black "Sack, Matthias"]
[Result "1/2-1/2"]
[WhiteElo "1902"]
[BlackElo "1963"]
[PlyCount "75"]
[EventDate "2015.??.??"]
[WhiteTeam "VfL 1990 Gera"]
[BlackTeam "SV Hermsdorf"]

1. Nf3 Nf6 2. c4 e6 3. g3 c5 4. Bg2 Nc6 5. O-O Be7 6. d4 cxd4 7. Nxd4 O-O 8.
Nc3 Qb6 9. Nc2 d6 10. Rb1 Ne5 11. b3 Bd7 12. Be3 Qc7 13. Nd4 a6 14. Rc1 Nfg4
15. Bd2 Nc6 16. e3 Nge5 17. Qe2 Qb6 18. Nc2 Rab8 19. Rfd1 f5 20. h3 Be8 21. Be1
Kh8 22. Nd4 Rf6 23. f4 Nd7 24. Bf2 Nxd4 25. exd4 Qc7 26. Re1 Bf8 27. Rc2 Rh6
28. Qd3 Bf7 29. Rce2 Rc8 30. Re3 e5 31. dxe5 dxe5 32. fxe5 Bc5 33. R3e2 Bxf2+
34. Rxf2 Re8 35. Qd4 Nxe5 36. Ref1 Rd8 37. Qf4 Qc5 38. Na4 1/2-1/2